000 00524nam a2200193Ia 4500
003 OSt
005 20250120164346.0
008 210210b1970 xxu||||| |||| 00| 0 eng d
040 _cAL
041 _aKannada
082 _aK894.4 PRAM
100 _aPRAHLADARAV (N) ಪ್ರಹ್ಲಾದರಾವ್(ನಾ)
_9139012
245 _aMuttina hara..
_bಮುತ್ತಿನ ಹಾರ
260 _aMaisuru
_bGita Buk Haus
_c1970
300 _a126
690 _aKannada Prose
_9139013
906 _a027996
942 _2ddc
_cBK
999 _c79259
_d79259